| 000 | 00731nam a22002055i 4500 | ||
|---|---|---|---|
| 001 | 164463 | ||
| 003 | ES-MaACL | ||
| 005 | 20250809040758.0 | ||
| 008 | 960307s1849 sp |||| | spa d | ||
| 040 |
_aCLM _bspa _cCLM |
||
| 100 | 1 |
_aSalmerón Alonso, Francisco. _9132241 |
|
| 245 | 1 | 0 |
_aDefensa oral / _checha por el licenciado D. Francisco Salmerón Alonso a nombre del impresor del Resumen Histórico de la campaña sostenida en el territorio vasco-navarro... |
| 260 |
_aMadrid : _b[s.n.], _c1849. |
||
| 300 |
_a70 p. ; _c20 cm. |
||
| 500 | 1 | _aIncluye sentencia. | |
| 650 | 1 | 7 |
_aDerecho procesal _2embne _9135900 |
| 752 |
_aEspaña - _dMadrid |
||
| 852 |
_aES-MaACL _jD-5083(2) _z-- Enc. hol. |
||
| 999 |
_c164463 _d164463 |
||